Sweden all time starting xi - Statistics

General Stats
  • This quiz has been taken 85 times
  • The average score is 6 of 11
Answer Stats
Hint Answer % Correct
FW(2001-2023 Zlatan Ibrahimović
100%
FW(1993-2009 Henrik Larsson
80%
DF(1988-1995 Roger Ljung
53%
MF(1998-2008 Fredrik Ljungberg
52%
GK(1981-1997 Thomas Ravelli
52%
MF(1990-1995 Thomas Brolin
47%
FW(1942-1948 Gunnar Nordahl
44%
DF(2000-2012 Olof Mellberg
43%
DF(2008-2021 Mikael Lustig
39%
MF(1999-2013 Anders Svensson
29%
DF(1986-2000 Roland Nilsson
19%
No matching quizzes found
Score Distribution
Percent of People with Each Score
Percentile by Number Answered
Your Score History
You have not taken this quiz